000 007580000a22002170004500
003 LK-CoMWRAF
005 20240117184821.0
008 230817t1989 ||||| |||| 00| 0 eng d
040 _aLK-CoMWRAF
_dLK-CoMWRAF
_eLK-CoMWRAF
041 _aeng
082 _a305.42
_bIND
110 _aIndia, Self Employed Women's Association
245 _a Shramshakti :
_ba summary of the report of the National Commission on Self-Employed Women and Women in the Informal Sector
260 _aAhmedabad:
_bSEWA,
_c1989
300 _a xi, 194 p. ; 24 cm
_bBibliography included
650 _aInformal sector (Economics) -India
650 _aPoor women- Employment
650 _aSelf-employed women
856 _uhttps://indianculture.gov.in/flipbook/1160
942 _cBK
999 _c2572
_d2572